Review of litigation

Detalles Bibliográficos
Autor Corporativo: University of Texas at Austin. School of Law
Formato: Electrónico Revista
Lenguaje:inglés
Publicado: Austin, Tex. : University of Texas School of Law
Materias:
Acceso en línea:Full text available from Research Library: 07/01/1997 to present

MARC

LEADER 00000nas a2200000 a 4500
001 ssj0007880
003 WaSeSS
005 20200512172242.0
006 m d
007 cr n
008 011203c19809999txutr p s 0 0eng c
010 |a  2007266093 
022 |y 0734-4015 
035 |a (WaSeSS)ssj0007880 
040 |a HNK  |b eng  |c HNK  |d OCLCQ  |d DOS  |d OCLCQ  |d OCLCF  |d OCLCQ  |d WT2  |d OCLCQ  |d UUM  |d OCLCQ  |d AU@  |d OCLCQ  |d WaSeSS 
042 |a pcc 
043 |a n-us--- 
050 4 |a K18  |b .E96 
130 0 |a Review of litigation (Online) 
245 1 0 |a Review of litigation  |h [electronic resource]. 
246 1 3 |a Rev. Litig 
260 |a Austin, Tex. :  |b University of Texas School of Law 
310 |a Three times a year 
362 1 |a Began with vol. 1, no. 1 (winter 1980). 
506 |a License restrictions may limit access. 
538 |a Mode of access: World Wide Web. 
588 0 |a First issue; title from table of contents page (Hein Online, viewed Nov. 29, 2007). 
588 1 |a Vol. 26, no. 2 (spring 2007) (viewed Nov. 29, 2007). 
650 0 |a Actions and defenses  |z United States  |v Periodicals. 
650 7 |a Actions and defenses.  |2 fast  |0 (OCoLC)fst00796238 
651 7 |a United States.  |2 fast  |0 (OCoLC)fst01204155 
655 0 |a Electronic journals. 
710 2 |a University of Texas at Austin.  |b School of Law. 
776 0 8 |i Print version:  |t Review of litigation  |x 0734-4015  |w (DLC) 82646677  |w (OCoLC)6317797 
856 4 0 |z Full text available from Research Library: 07/01/1997 to present  |u https://search.proquest.com/publication/37465